000 00331nam a2200133Ia 4500
008 210210b1974 xxu||||| |||| 00| 0 eng d
082 _a330.028 SURI
100 _aSURREY (M J C).
245 _aIntroduction to econometrics.
260 _aOxford
_bClarendon Press
_c1974
300 _a71
690 _aEconometrics
906 _a033676
999 _c84804
_d84804